Shortsy geomexa (weź do odcinka) - Statystyki

Ogólne statystyki
  • Ten quiz został rozwiązany 6 razy
  • Średni wynik to 4 z 15
Statystyki odpowiedzi
Hint Odpowiedź % Poprawnych
kraj który ma taką samą ludnośćjak województwo świętokrzyskie Cypr
50%
najwybitniejsza osoba urodzona w polsce Fryderyk Chopin
50%
największe państwo które nie ma dostępu do morza Kazachstan
50%
najpopularniejsza nazwa ulicy w polsce Leśna
50%
państwo z najbardziej kolorowa europejską flagą Hiszpania
25%
europejskie państwa mające 2 stolice (2) Holandia Czarnogóra
25%
państwo w europie w którym nie zmierzono temperatury poniżej 2 stopni celcjusza Malta
25%
państwo z najbardziej niebieską flagą na świecie Mikronezja
25%
europejski kraj z największą ilością sąsiadów (bez rosji) Niemcy
25%
najbardziej zbliżone państwo do polski (pod względem wielkości) Oman
25%
kraj w którym znajduje się największa statua Afryki Senegal
25%
najdłuższa nazwa miejscowości w polsce Wólka Sokołowska k. Wólki Niedźwiedzkiej
25%
najpopularniejsza marka piwa w polsce żywiec
25%
flaga państwa która ma najwięcej pasów Malezja
0%
najtrudniejsza wyspa do zatopienia w całości Nowa gwinea
0%
Nie znaleziono quizów pasujących do podanych kryteriów
Rozkład punktacji
Procent ludzi z każdym wynikiem
Percentyl według liczby udzielonych odpowiedzi
Twoja historia wyników
Nie rozwiązałeś tego quizu